| 000 | 00987cai a22001935a 4500 | ||
|---|---|---|---|
| 001 | L153042 | ||
| 008 | 110526u2011 xxk g 000 0 eng d | ||
| 035 | _a(Sirsi) u153042 | ||
| 041 | 0 | _aeng | |
| 110 | 2 | _aThe Association of Researchers in Construction Management (ARCOM) | |
| 245 | 0 | 0 |
_aARCOM _bThe Association of Researchers in Construction Management _h[electronic resource] |
| 260 | _a2011 | ||
| 520 | _aThe Association of Researchers in Construction Management (ARCOM) brings together all those interested in construction management research. Its aim is to further the advancement of knowledge in all aspects of management in construction by supporting education, dissemination and research. Details of conferences, publications, workshops, abstracts and other resources. | ||
| 590 | _aKA NTK | ||
| 651 | 4 | _aInternational | |
| 690 | _aCONSTRUCTION RESEARCH | ||
| 856 | 4 | 0 |
_uhttps://www.arcom.ac.uk/Default.htm _zView the website free of charge at www.arcom.ac.uk |
| 942 | _n0 | ||
| 999 |
_c120911 _d120911 |
||